Spätné porovnávanie údajov z účtovných závierok po prechode na euro
Praktický príklad porovnania položiek vo výkaze ziskov a strát účtovaných v slovenských korunách a ich prepočet na eurá za obdobie 2005-2010. Zistený rozdiel medzi použitými výmennými kurzami.
Saved in:
| Main Author: | |
|---|---|
| Format: | Book Chapter |
| Language: | Slovak |
| Subjects: | |
| Tags: |
No Tags, Be the first to tag this record!
|
MARC
| LEADER | 00000naa a2200000 4500 | ||
|---|---|---|---|
| 001 | 0172080 | ||
| 005 | 20240502072941.9 | ||
| 041 | 0 | |a slo | |
| 044 | |a SK | ||
| 245 | 1 | 0 | |a Spätné porovnávanie údajov z účtovných závierok po prechode na euro |c Zuzana Kubaščíková |
| 520 | |a Praktický príklad porovnania položiek vo výkaze ziskov a strát účtovaných v slovenských korunách a ich prepočet na eurá za obdobie 2005-2010. Zistený rozdiel medzi použitými výmennými kurzami. | ||
| 610 | 2 | 0 | |a účtovníctvo |
| 610 | 2 | 0 | |a koruna |
| 610 | 2 | 0 | |a euro |
| 610 | 2 | 0 | |a výkaz ziskov a strát |
| 100 | 1 | |a Kubaščíková, Zuzana, 1982- | |